Identifikácia prchavých organických zlúčenín vo vzorkách tokajských vín pomocou GC-HRTOF-MS bakalárska práca

Saved in:
Bibliographic Details
Main Author: Mikšíková, Monika
Format: Book
Language:Slovak
Published: Bratislava FCHPT STU 2017
Online Access:View in OPAC
Tags: Add Tag
No Tags, Be the first to tag this record!

MARC

LEADER 00000nam a2200000 a 4500
005 20260127134235.0
008 171012 2017 xo 001 0 slo d
035 |a vtls011715130 
039 9 |y 201710120846  |z mschk03 
040 |a STUSCHK1  |b slo  |c STUSCHK1  |e AACR2 
100 1 |a Mikšíková, Monika 
245 1 |a Identifikácia prchavých organických zlúčenín vo vzorkách tokajských vín pomocou GC-HRTOF-MS  |b bakalárska práca  |c Monika Mikšíková 
260 |a Bratislava  |b FCHPT STU  |c 2017 
300 |a 43 s.  |b il.  |c 25 cm 
500 |a Študijný program: chémia, medicínska chémia a chemické materiály 
500 |a Študijný odbor: chémia, chemické technológie 
500 |a Školiace pracovisko: Ústav analytickej chémie 
500 |a Evid. číslo: FCHPT-13569-64274 
910 |a SCHK95 
999 |c 7587  |d 7587